Giáo dục công dân 6 Sách giáo viên

Đã lưu trong:
Sonraí Bibleagrafaíochta
Príomhúdar: Hà,Nhật Thăng
Údair Eile: Phạm, Văn Hùng
Formáid: Leabhar
Teanga:Undetermined
Foilsithe: H. Giáo dục 2002
Ábhair:
Rochtain Ar Líne:http://lrc.tdmu.edu.vn/opac/search/detail.asp?aID=2&ID=4678
Clibeanna: Cuir Clib Leis
Gan Chlibeanna, Bí ar an gcéad duine leis an taifead seo a chlibeáil!
Thư viện lưu trữ: Trung tâm Học liệu Trường Đại học Thủ Dầu Một
LEADER 00682nam a2200217Ia 4500
001 TDMU_4678
008 210410s9999 xx 000 0 und d
082 |a 373.23683 
090 |b H100 
100 |a Hà,Nhật Thăng 
245 0 |a Giáo dục công dân 6 
245 0 |b Sách giáo viên 
245 0 |c Hà Nhật Thăng 
260 |a H. 
260 |b Giáo dục 
260 |c 2002 
300 |a 48tr 
650 |a Đạo đức  |x Dạy và học; Sách lớp 6  |v Giáo viên 
700 |a Phạm, Văn Hùng 
856 |u http://lrc.tdmu.edu.vn/opac/search/detail.asp?aID=2&ID=4678 
980 |a Trung tâm Học liệu Trường Đại học Thủ Dầu Một